Land vs. Land #66 - Statistiken

Allgemein
  • Dieses Quiz wurde 21 mal gespielt
  • Das Durchschnittsergebnis liegt bei 10 aus 14
Antwortstatistiken
Frage Antwort % Korrekt
...Fläche? Botswana🇧🇼
95%
...Bruttoinlandsprodukt? Botswana🇧🇼
89%
...Exportmengen? Botswana🇧🇼
84%
...Gewinner? Botswana🇧🇼
84%
...Tourismus? Botswana🇧🇼
74%
...Happy Planet Index? Botswana🇧🇼
74%
...Militär? Botswana🇧🇼
68%
...Gesundheitswesen? Botswana🇧🇼
68%
...durchschnittlicher IQ? Botswana🇧🇼
68%
...Bruttoinlandsprodukt pro Kopf? Botswana🇧🇼
63%
...HDI (Human Development Index)? Botswana🇧🇼
63%
...Frieden? Botswana🇧🇼
63%
...Lebenserwartung? Botswana🇧🇼
58%
...Einwohner? Sierra Leone🇸🇱
26%
Keine übereinstimmenden Quizze gefunden
Verteilung der Resultate
Anzahl Personen mit jedem Resultat
Perzentil nach korrekt beantworteten Fragen
Ihre Resultats-Entwicklung
Sie haben dieses Quiz noch nicht gespielt